Statistics for Surreys 25 most populated towns

Click here to take the quiz!

General Stats

  • This quiz has been taken 83 times
    (78 since last reset)
  • The average score is 13 of 25

Answer Stats

Population 2011Top 25 biggest towns% Correct
77,057Guildford
92%
105,367Woking
92%
17,098Dorking
80%
31,474Epsom
79%
22,123Reigate
69%
29,837Weybridge
69%
38,038Camberly
67%
51,727Ewell
61%
22,689Godalming
61%
34,498Redhill
61%
25,604Farnham
59%
32,522Leatherhead
59%
25,736Staines
59%
17,723Cobham
56%
50,904Esher
49%
13,751Chertsey
44%
25,966Egham
43%
66,656Walton- on- thames
43%
22,693Horley
30%
28,036Ashford
28%
21,437Caterham
28%
19,904Frimley
25%
15,883Addlestone
23%
13,901Ashtead
23%
13,452Oxted
18%

Score Distribution

Percentile by Number Answered

Percent of People with Each Score

Your Score History

You have not taken this quiz since the last reset